[Event "Berlin-ch Seniors op 23rd"]
[Site "Berlin"]
[Date "2007.02.10"]
[Round "6"]
[White "Graul, Dieter"]
[Black "Baumbach, Dieter"]
[Result "1-0"]
[WhiteElo "1557"]
[BlackElo "1106"]
[PlyCount "120"]
[EventDate "2007.02.05"]
[EventType "swiss"]
[EventRounds "9"]
[EventCountry "GER"]
[SourceTitle "EXT 2022"]
[Source "ChessBase"]
[SourceDate "2021.10.06"]
[SourceVersion "1"]
[SourceVersionDate "2021.10.06"]
[SourceQuality "1"]

1. Nf3 Nc6 2. d4 e6 3. c4 Nf6 4. Bg5 Bb4+ 5. Nbd2 0-0 6. a3 Bxd2+ 7. Qxd2 d5 8. e3 h6 9. Bh4 Re8 10. cxd5 exd5 11. h3 Qd6 12. Bg3 Qe7 13. Ne5 Nxe5 14. Bxe5 Ne4 15. Qc2 c6 16. Bd3 Qh4 17. g3 Qh5 18. Be2 Qg5 19. h4 Qf5 20. Rh2 Qg6 21. 0-0-0 Bf5 22. h5 Qg5 23. Bd3 Bg4 24. Rdh1 Bf3 25. Bf4 Qe7 26. Rg1 c5 27. dxc5 Nxc5 28. Kb1 Rac8 29. Ka1 Qd7 30. g4 Be4 31. Bxe4 Nxe4 32. Qd1 Qb5 33. f3 Nc5 34. Qe2 Nb3+ 35. Kb1 Qc5 36. Rd1 Red8 37. Qd3 Nc1 38. Qd2 Nb3 39. Qe1 d4 40. exd4 Rxd4 41. Rxd4 Qxd4 42. Be3 Qd3+ 43. Ka2 Qd5 44. Kb1 Qxf3 45. g5 Qg4 46. gxh6 gxh6 47. Bxh6 Kh7 48. Bd2 Qf5+ 49. Ka2 Qc2 50. Qb1 Nxd2 51. Rxd2 Qxb1+ 52. Kxb1 Kh6 53. Rd7 Kxh5 54. Rxf7 Rb8 55. b4 Kg6 56. Rc7 Kf6 57. a4 Ke6 58. a5 Kd6 59. Rh7 Kc6 60. Kb2 Rg8 1-0

[Event "Berlin-ch Seniors op 23rd"]
[Site "Berlin"]
[Date "2007.02.09"]
[Round "5"]
[White "Baumbach, Dieter"]
[Black "Scharkowski, Albrecht"]
[Result "0-1"]
[WhiteElo "1106"]
[BlackElo "1611"]
[PlyCount "110"]
[EventDate "2007.02.05"]
[EventType "swiss"]
[EventRounds "9"]
[EventCountry "GER"]
[SourceTitle "EXT 2022"]
[Source "ChessBase"]
[SourceDate "2021.10.06"]
[SourceVersion "1"]
[SourceVersionDate "2021.10.06"]
[SourceQuality "1"]

1. e4 d6 2. d4 Nf6 3. Nc3 c6 4. Nf3 Bg4 5. h3 Bh5 6. Qd3 e6 7. Bg5 Be7 8. e5 Bg6 9. Qd2 Nd5 10. exd6 Qxd6 11. Bc4 Nd7 12. Bxd5 Bxg5 13. Nxg5 cxd5 14. Qe2 a6 15. 0-0 0-0 16. Rac1 Qb4 17. Qd2 Qxb2 18. Rb1 Qxc2 19. Qxc2 Bxc2 20. Rxb7 Nf6 21. Rc1 Bd3 22. Nf3 Rfb8 23. Rc7 Rc8 24. Rc5 Nd7 25. Ra5 Rc6 26. Ne1 Bc4 27. Ra3 Rb8 28. Rc2 Kf8 29. Kh2 f6 30. Ne2 Rbc8 31. Nf4 Ke7 32. Rg3 g6 33. Nf3 Bb5 34. Rd2 Rc2 35. a3 R2c3 36. Ra2 Rc2 37. Rxc2 Rxc2 38. Kg1 Rc1+ 39. Kh2 Rf1 40. h4 Rxf2 41. Nh3 Rc2 42. Nf4 Rc3 43. h5 g5 44. Nh3 h6 45. Nh4 Rxg3 46. Ng6+ Kf7 47. Kxg3 Bd3 48. Nf2 Bxg6 49. hxg6+ Kxg6 50. Ng4 h5 51. Nh2 Nb6 52. Nf3 Nc4 53. a4 Nb2 54. a5 Nc4 55. Kf2 Nxa5 0-1

[Event "Berlin-ch Seniors op 23rd"]
[Site "Berlin"]
[Date "2007.02.07"]
[Round "3"]
[White "Baumbach, Dieter"]
[Black "Lakakis, Ioannis"]
[Result "1/2-1/2"]
[WhiteElo "1106"]
[BlackElo "1687"]
[PlyCount "94"]
[EventDate "2007.02.05"]
[EventType "swiss"]
[EventRounds "9"]
[EventCountry "GER"]
[SourceTitle "EXT 2022"]
[Source "ChessBase"]
[SourceDate "2021.10.06"]
[SourceVersion "1"]
[SourceVersionDate "2021.10.06"]
[SourceQuality "1"]

1. e4 c5 2. Nf3 d6 3. Nc3 Nc6 4. Bb5 a6 5. Bxc6+ bxc6 6. 0-0 Bg4 7. h3 Bh5 8. Re1 e5 9. d3 Be7 10. Qe2 Nf6 11. Bg5 0-0 12. Nd1 h6 13. Bh4 g5 14. Bg3 g4 15. hxg4 Nxg4 16. Nh2 Nf6 17. Qd2 Kg7 18. f4 Nd7 19. f5 Bg5 20. Qf2 Bxd1 21. Raxd1 f6 22. Nf3 Qe8 23. Nxg5 fxg5 24. Qf3 Nf6 25. Qe2 Qb8 26. b3 Qb4 27. Rf1 a5 28. Rf3 a4 29. Be1 Qb6 30. Rg3 Rg8 31. Bd2 Kf7 32. Rh3 Rh8 33. Be3 axb3 34. cxb3 Qa6 35. a4 Rag8 36. Qf2 Ng4 37. Qg3 Nxe3 38. Qxe3 Kf6 39. Rh5 Qb6 40. Qh3 Qxb3 41. Rxh6+ Ke7 42. f6+ Kd8 43. Rf1 Rxh6 44. Qxh6 Qf7 45. Rf5 Rg6 46. Qh8+ Rg8 47. Qh6 Rg6 1/2-1/2

[Event "Brandenburg-ch Seniors 22nd"]
[Site "Berlin"]
[Date "2006.02.21"]
[Round "2"]
[White "Erman, Zinovi"]
[Black "Baumbach, Dieter"]
[Result "1-0"]
[WhiteElo "1703"]
[BlackElo "1059"]
[PlyCount "37"]
[EventDate "2006.02.20"]
[EventType "swiss"]
[EventRounds "9"]
[EventCountry "GER"]
[SourceTitle "EXT 2007"]
[Source "ChessBase"]
[SourceDate "2006.11.23"]
[SourceVersion "1"]
[SourceVersionDate "2006.11.23"]
[SourceQuality "1"]

1. e4 e5 2. Nf3 Nc6 3. Nc3 Bb4 4. Nd5 Ba5 5. a3 d6 6. b4 Bb6 7. Nxb6 axb6 8. Bb2 Nf6 9. d3 0-0 10. b5 Na7 11. a4 Be6 12. Be2 c6 13. c4 cxb5 14. axb5 Qc8 15. 0-0 Nd7 16. Ng5 Nc5 17. d4 exd4 18. Qxd4 Nb3 19. Qxg7# 1-0